Fenomenología de la religión

Na minha lista:
Detalhes bibliográficos
Autor principal: Leeuw, Gerardus van der (Author)
Formato: Livro
Idioma:espanhol
Publicado em: Ciudad de México Fondo de Cultura Económica 1964
Assuntos:
Tags: Adicionar Tag
Sem tags, seja o primeiro a adicionar uma tag!

MARC

LEADER 00000nam a2200000 a 4500
001 UCY4108
003 CL-VaPUC
008 950228e19640000MX |||||||||||||||||spa|d
082 0 4 |a 200.1  |b LEE  |2 21 
100 0 |a Leeuw, Gerardus van der  |e author  |9 332536 
245 1 0 |a Fenomenología de la religión 
300 |a 687 p 
942 |c BK 
945 |d 19950228 00:00:00  |a aalvarez 
260 |a Ciudad de México  |b Fondo de Cultura Económica  |c 1964 
650 0 |a Filosofía de la religión   |9 256017 
650 0 |a Fenomenología  |9 256519 
583 |a last modification  |c 19950228 00:00:00  |k Rodrigo Vera 
999 |c 232073  |d 232071 
952 |0 0  |1 0  |4 0  |6 200_100000000000000_LEE_1964  |7 0  |8 A  |9 236088  |a BIBTEO  |b BIBTEO  |d 2019-11-15  |i 3058441  |l 2  |m 2  |o 200.1 LEE 1964  |p 3058441  |r 2025-01-17  |s 2023-06-02  |w 2019-11-15  |y BK  |k ICR 
952 |0 0  |1 0  |4 0  |6 200_100000000000000_LEE_1964  |7 0  |8 A  |9 236089  |a BIBTEO  |b BIBTEO  |d 2019-11-15  |i 202523K  |o 200.1 LEE 1964  |p 202523K  |r 2025-01-17  |w 2019-11-15  |y BK  |k ICR